Piłka nożna - FC Barcelona - sprzedaże - Statystyki

Ogólne statystyki
  • Ten quiz został rozwiązany 206 razy
  • Średni wynik to 7 z 15
Statystyki odpowiedzi
miejsce kwota sezon klub kupujący zawodnik % Poprawnych
1. 222,00 mln € 17/18 PSG Neymar
99%
3. 60,00 mln € 00/01 Real Madryt Luis Figo
88%
4. 50,00 mln € 23/24 PSG Ousmane Dembele
79%
2. 80,60 mln € 20/21 Juventus Arthur Melo
59%
6. 42,00 mln € 18/19 Guangzhou FC Paulinho
48%
15. 25,50 mln € 24/25 Palmeiras Vitor Roque
44%
7. 41,50 mln € 19/20 Zenit Petersburg Malcom
43%
14. 26,50 mln € 97/98 Inter Mediolan Ronaldo Nazario
43%
10. 32,00 mln € 20/21 Wolverhampton Nelson Semedo
36%
12. 30,00 mln € 10/11 Manchester City Yaya Toure
27%
9. 33,00 mln € 14/15 Chelsea FC Cesc Fabregas
26%
13. 27,00 mln € 15/16 Chelsea FC Pedro
25%
5. 42,50 mln € 14/15 Manchester United Alexis Sanchez
22%
11. 30,25 mln € 18/19 Everton FC Yerry Mina
13%
8. 35,00 mln € 19/20 Valencia CF Jasper Cillessen
12%
Nie znaleziono quizów pasujących do podanych kryteriów
Rozkład punktacji
Procent ludzi z każdym wynikiem
Percentyl według liczby udzielonych odpowiedzi
Twoja historia wyników
Nie rozwiązałeś tego quizu